Представление документа в формате RUSMARC

ПолеНазваниеЗначение
  Тип записи a
  Библиографический уровень a
001 Контрольный номер RU/CBS_UL/BASE/559263438
005 Дата корректировки 20250124001022.7
100 Данные общей обработки __
a Данные общей обработки 20170920d2017 ||| 0rusy0189 ca
101 Язык документа 0_
a Язык текста rus
102 Страна публикации __
a Страна публикации RU
105 Кодированные данные (монография) __
a Кодированные данные (монография) y###||||000|y
200 Заглавие и сведения об ответственности 1_
a Заглавие Алексей Пиманов: "Наш "Крым" - это современная история Ромео и Джульетты"
b Общее обозначение материала Текст
e Сведения, относящиеся к заглавию [интервью с режиссёром фильма "Крым" А. Пимановым]
f Первые сведения об ответственности А. Пиманов
g Последующие сведения об ответственности беседовал Д. Сутыка
300 Общие примечания __
a Общие примечания Ограничения по возрасту - 16+
461 Уровень набора _0
1 2000
a Культура
463 Уровень физической единицы _0
1 001RU/CBS_UL/BASE/556888708
1 2000
a № 28 (4 августа)
v С. 3: фото.
1 210
d 2017
606 Тематические рубрики 0_
a Основная рубрика Кино в Российской Федерации - 21 в.
610 Ключевые слова 0_
a Ключевые слова кино
a Ключевые слова фильмы
a Ключевые слова художественные фильмы
a Ключевые слова российские кинофильмы
a Ключевые слова Крымская весна
686 Индексы других классификаций __
a Классификационный индекс 85.373(2)
2 Код системы ББК
700 Автор _1
a Фамилия Пиманов
b Имя (инициалы) А.
801 Источник записи _0
a Страна RU
b Организация МБУК ЦБС г. Ульяновска
c Дата составления 20170920
g Правила каталогизации RCR
801 Источник записи _1
a Страна RU
b Организация МБУК ЦБС г. Ульяновска
c Дата составления 20170920
g Правила каталогизации RCR
901 Тип документа __
t Тип документа f
w Контрольный № источника RU/CBS_UL/BASE/556888708
910 Корректоры записи __
a Корректор записи Библиотека 8
938 Служебная информация __
a Имя БД period